| 000 | 00355nam a2200133Ia 4500 | ||
|---|---|---|---|
| 008 | 220204s9999 xx 000 0 und d | ||
| 020 | _a9780470171530 | ||
| 082 |
_a634 _bHOR.34 |
||
| 100 | _aJanik, Jules | ||
| 245 | 0 | _aHorticultural reviews, 2007. V. 34 | |
| 260 |
_aNew Jersy _bJohn Wiley & Sons _c2008 |
||
| 650 | _aArtificial pollination | ||
| 942 | _cBK | ||
| 999 |
_c42714 _d42714 |
||